Queera Livslopp : Att Leva Och åldras Som Lhbtq-Person I en Heteronormativ Värld.

Bibliographic Details
Main Author: Siverskog, Anna.
Format: eBook
Language:Swedish
Published: Linköping : Linkopings Universitet, 2016.
Edition:1st ed.
Series:Linköping Studies in Arts and Sciences Series
Subjects:
Online Access:Click to View
LEADER 02254nam a22003853i 4500
001 EBC4746711
003 MiAaPQ
005 20240729202201.0
006 m o d |
007 cr cnu||||||||
008 240729s2016 xx o ||||0 swe d
020 |a 9789176856536  |q (electronic bk.) 
035 |a (MiAaPQ)EBC4746711 
035 |a (Au-PeEL)EBL4746711 
035 |a (CaPaEBR)ebr11307152 
035 |a (OCoLC)965775018 
040 |a MiAaPQ  |b eng  |e rda  |e pn  |c MiAaPQ  |d MiAaPQ 
100 1 |a Siverskog, Anna. 
245 1 0 |a Queera Livslopp :  |b Att Leva Och åldras Som Lhbtq-Person I en Heteronormativ Värld. 
250 |a 1st ed. 
264 1 |a Linköping :  |b Linkopings Universitet,  |c 2016. 
264 4 |c {copy}2016. 
300 |a 1 online resource (300 pages) 
336 |a text  |b txt  |2 rdacontent 
337 |a computer  |b c  |2 rdamedia 
338 |a online resource  |b cr  |2 rdacarrier 
490 1 |a Linköping Studies in Arts and Sciences Series ;  |v v.702 
505 0 |a Intro -- Innehåll -- Tack. -- Kapitel 1 Inledning -- Kapitel 2 Tidigare forskning om lhbtq-åldrande -- Kapitel 3 Teoretiska utgångspunkter -- Kapitel 4 Metod -- Kapitel 5 Queer historia -- Kapitel 6 O/möjliggörande kontexter: erfarenheter från tidigare i livet -- Kapitel 7 Att vara i fas: heteronormativa förväntningar -- Kapitel 8 (Hetero)normativitetens våldsamhet -- Kapitel 9 Andra stigar, andra världar? -- Kapitel 10 Nära relationer -- Kapitel 11 Vardagen som pensionär och tankar om framtiden -- Kapitel 12 Avslutande diskussion -- Summary -- Referenser -- Bilaga 1. Informantöversikt -- Bilaga 2. Annons -- Bilaga 3. Informationsbrev. 
588 |a Description based on publisher supplied metadata and other sources. 
590 |a Electronic reproduction. Ann Arbor, Michigan : ProQuest Ebook Central, 2024. Available via World Wide Web. Access may be limited to ProQuest Ebook Central affiliated libraries.  
655 4 |a Electronic books. 
776 0 8 |i Print version:  |a Siverskog, Anna  |t Queera Livslopp  |d Linköping : Linkopings Universitet,c2016 
797 2 |a ProQuest (Firm) 
830 0 |a Linköping Studies in Arts and Sciences Series 
856 4 0 |u https://ebookcentral.proquest.com/lib/matrademy/detail.action?docID=4746711  |z Click to View